[Event "ROM-ch U08"]
[Site "Calimanesti"]
[Date "2018.04.02"]
[Round "8"]
[White "Cirstian, David Stefan"]
[Black "Diaconu, Alexandru Andrei"]
[Result "1-0"]
[WhiteElo "1030"]
[BlackElo "1001"]
[PlyCount "43"]
[EventDate "2018.03.27"]
[EventType "swiss"]
[EventRounds "9"]
[EventCountry "ROU"]
[SourceTitle "CBM 183 Extra"]
[Source "ChessBase"]
[SourceDate "2018.04.19"]
[SourceVersion "1"]
[SourceVersionDate "2018.04.19"]
[SourceQuality "1"]

1. e4 d5 2. exd5 Qxd5 3. Nc3 Qa5 4. d4 Nf6 5. Nf3 c6 6. Bd3 e6 7. a3 Nbd7 8. Bd2 b6 9. 0-0 Ba6 10. Bxa6 Qxa6 11. h3 Bd6 12. Be3 0-0 13. Qd2 h6 14. Rfe1 Nd5 15. Nxd5 exd5 16. c3 Qb7 17. Bxh6 gxh6 18. Qxh6 Rfe8 19. Rxe8+ Rxe8 20. Ng5 Qa6 21. Qh7+ Kf8 22. Qxf7# 1-0

[Event "ROM-ch U08"]
[Site "Calimanesti"]
[Date "2018.04.01"]
[Round "7"]
[White "Sava, Robert Gabriel"]
[Black "Cirstian, David Stefan"]
[Result "1-0"]
[WhiteElo "1166"]
[BlackElo "1030"]
[PlyCount "95"]
[EventDate "2018.03.27"]
[EventType "swiss"]
[EventRounds "9"]
[EventCountry "ROU"]
[SourceTitle "CBM 183 Extra"]
[Source "ChessBase"]
[SourceDate "2018.04.19"]
[SourceVersion "1"]
[SourceVersionDate "2018.04.19"]
[SourceQuality "1"]

1. e4 e5 2. Nf3 Nc6 3. d4 d6 4. dxe5 dxe5 5. Qxd8+ Kxd8 6. Bb5 f6 7. Bxc6 bxc6 8. Nc3 Bd6 9. Be3 Ne7 10. 0-0-0 c5 11. Bxc5 Kd7 12. Nb5 f5 13. Nxe5+ Ke6 14. Bxd6 Kf6 15. Bxc7 Be6 16. Nd4 Bxa2 17. b3 Rac8 18. Ndf3 Bxb3 19. cxb3 Rxc7+ 20. Kb1 fxe4 21. Rd6+ Kf5 22. g4+ Kf4 23. Rd4 Rc5 24. Re1 Rxe5 25. Nxe5 Kxe5 26. Rdxe4+ Kd6 27. Rd1+ Nd5 28. Red4 Kc6 29. Rxd5 Kb7 30. Rd8 Rxd8 31. Rxd8 Kc7 32. Rd2 Kc6 33. Kc2 Kc5 34. Kc3 a5 35. Re2 Kd5 36. f4 Kc5 37. Re5+ Kb6 38. Kc4 Ka6 39. Re6+ Kb7 40. Kc5 g6 41. f5 gxf5 42. gxf5 Ka7 43. Kb5 h6 44. Re7+ Kb8 45. Kc6 h5 46. f6 h4 47. f7 h3 48. f8R# 1-0

[Event "ROM-ch U08"]
[Site "Calimanesti"]
[Date "2018.03.30"]
[Round "5"]
[White "Andrei, David Mihai"]
[Black "Cirstian, David Stefan"]
[Result "1-0"]
[WhiteElo "1136"]
[BlackElo "1030"]
[PlyCount "59"]
[EventDate "2018.03.27"]
[EventType "swiss"]
[EventRounds "9"]
[EventCountry "ROU"]
[SourceTitle "CBM 183 Extra"]
[Source "ChessBase"]
[SourceDate "2018.04.19"]
[SourceVersion "1"]
[SourceVersionDate "2018.04.19"]
[SourceQuality "1"]

1. e4 e5 2. Nf3 Nc6 3. Bb5 d6 4. d4 a6 5. Ba4 exd4 6. Nxd4 Bd7 7. Bxc6 bxc6 8. 0-0 g6 9. Nc3 Bg7 10. Re1 Ne7 11. h3 0-0 12. Bf4 c5 13. Nf3 Rb8 14. Rb1 Nc6 15. Qd2 Re8 16. Bh6 Be6 17. b3 Qf6 18. Nd5 Bxd5 19. exd5 Rxe1+ 20. Rxe1 Nb4 21. Qe3 Qd8 22. Bxg7 Nxc2 23. Qc3 Nxe1 24. Nxe1 Qd7 25. Bh6 f6 26. Qxf6 Qf7 27. Qc3 Re8 28. Bc1 Qxd5 29. Bb2 Qf7 30. Qh8# 1-0